Responses for Show #5854 - Thursday, February 11, 2010

2010-A College Championship final game 1.

Contestants

[<< previous game]

Surya Sabhapathy, a senior from the University of Michigan

Nick Yozamp, a junior from Washington University in St. Louis

Ryan Stoffers, a sophomore from UCLA

[next game >>]

Jeopardy! Round responses

POWER TO THE STUDENTS!
ACTORS & ACTRESSES
CAN I GET A WITNESS?
COUNTRIES BY NEWSPAPER
CYCLE OF LIFE
DIRTY WORDS
    $200 18
Fidel Castro

Ryan
    $200 26
Dakota Fanning

Surya
    $200 11
a will

Surya
    $200 3
Afghanistan

Nick
    $200 16
(Nick: What are bike trails?)
[Originally accepted as correct; reversed before the Daily Double at clue 25 when the researchers couldn't find any mention of a bike trail]

a bike path (or a bike lane)

Nick
Triple Stumper
    $200 1
smear

Ryan
    $400 19
disarmament

Nick
    $400 27
Bradley Cooper

Ryan
    $400 12
the grand jury

Nick
    $400 4
the Bahamas

Nick
    $400 17
(Nick: What is a moped?)
(Surya: What is a motorcycle?)

a mountain bike

NickSurya
Triple Stumper
    $400 2
soot

Nick
    $600 20
Germany

Surya
    $600 28
Jackie Chan

Ryan
    $600 13
character witnesses

Surya
    $600 5
Mexico

Nick
    $600 23
the subway

Nick
    $600 8
a tarnish

Surya
    $800 21
Tiananmen Square

Ryan
    $800 29
(Megan) Fox

Ryan
    $800 14
affirm

Triple Stumper
    $800 6
Hungary

Nick
    $800 24
California

Ryan
    $800 9
unclean

Nick
    $1000 22
the Velvet Revolution

Nick
    $1000 30
Ellen Page

Surya
    $1000 15
(Surya: What is the FBI?)

the U.S. Marshals Service

Surya
Triple Stumper
    $1000 7
Vietnam

Ryan
    $1,500 25
(Ryan: What is... I have no idea?)
(Alex: 4-part--[*].)

quadriceps

Ryan
    $1000 10
smut

Nick

Scores at the first commercial break (after clue 15):

Ryan Nick Surya
$1,200 $4,600 $400

Scores at the end of the Jeopardy! Round:

Ryan Nick Surya
$3,300 $6,000 $1,800

Double Jeopardy! Round responses

CIVIL WAR GENERALS
IT'S GAME TIME
WE'VE GOT CHEMISTRY
THE FICTION FILE
THE NEW YORK TIMES FRUGAL TRAVELER
"UO" ME!
    $400 8
Custer

Nick
    $400 18
Wheel of Fortune

Surya
    $400 2
the neutron

Nick
    $400 1
the western

Nick
    $400 30
a budget

Ryan
    $400 13
fluoride

Nick
    $800 9
Sherman

Ryan
    $800 19
PlayStation Portable

Nick
    $800 3
carbon

Surya
    $800 7
slippers

Nick
    $800 29
couch

Nick
    $800 14
buoyancy

Nick
    $1200 10
Stonewall Jackson

Nick
    $1200 20
The Lord of the Rings

Surya
    $1200 4
sulfuric acid

Surya
    $2,000 24
hurricane Katrina

Surya
    $1200 23
hostels

Surya
    $1200 15
quorum

Surya
    $1600 11
McClellan

Ryan
    $1600 21
Halo

Nick
    $2,000 5
polymers

Surya
    $1600 25
(Thomas) Pynchon

Surya
    $1600 27
currencies

Ryan
    $1600 16
contiguous

Ryan
    $2000 12
Jeb Stuart

Triple Stumper
    $2000 22
Hannibal

Nick
    $2000 6
mole

Surya
    $2000 26
(Jean-Paul) Sartre

Surya
    $2000 28
Paris

Triple Stumper
    $2000 17
(Alex: Bartlett's [*]. You would expect the "O" to follow the "U" with "Q" in front of it.)

quotations

Triple Stumper

Scores at the end of the Double Jeopardy! Round:

Ryan Nick Surya
$9,300 $15,600 $17,400

Final Jeopardy! Round responses

COLLEGE HISTORY
(Alex: Now it would help you on this Final if, uh, you remembered that Andrew Carnegie was born in Scotland.)
RyanWhat are the bagpipes?
$5,500
NickWhat are Bagpipes?
$4,400
SuryaWhat is the piano?
$4,600
the bagpipes

Final scores:

Ryan Nick Surya
$14,800 $20,000 $12,800

Game dynamics:

Coryat scores:

Ryan Nick Surya
$10,800 $15,600 $16,200
13 R,
1 W
(including 1 DD)
22 R,
2 W
17 R
(including 2 DDs),
2 W

Combined Coryat: $42,600

[game clues] [game scores] [suggest correction]

Game tape date: 2010-01-06
The J! Archive is created by fans, for fans. Scraping, republication, monetization, and malicious use prohibited; this site may use cookies and collect identifying information. See terms. The Jeopardy! game show and all elements thereof, including but not limited to copyright and trademark thereto, are the property of Jeopardy Productions, Inc. and are protected under law. This website is not affiliated with, sponsored by, or operated by Jeopardy Productions, Inc. Join the discussion at JBoard.tv.